| 000 | 00523nam a2200181Ia 4500 | ||
|---|---|---|---|
| 001 | 50427 | ||
| 008 | 140502s9999 xx 000 0 und d | ||
| 020 | _a9780749439415 | ||
| 040 | _cPK-LaUMT | ||
| 082 |
_a 513 _bBRY-A |
||
| 100 | _aBryon, Mike | ||
| 245 | 4 |
_aThe advanced numeracy test workbook _breview key quantative operations and practise for accouting and business tests _cBryon, Mike |
|
| 260 |
_aLondon,UK: _bKogan Page, _c2004 |
||
| 300 | _a249 p. | ||
| 546 | _aEN | ||
| 650 | _aNumeracy-Problems | ||
| 942 | _cBK | ||
| 999 |
_c48085 _d48085 |
||